Ponencias y comunicaciones / (Record no. 46736)

MARC details
000 -LEADER
campo de control de longitud fija 00675nam a2200181 i 4500
001 - NÚMERO DE CONTROL
campo de control 46736
003 - IDENTIFICADOR DE NÚMERO DE CONTROL
campo de control ES-MaACL
005 - FECHA Y HORA DE LA ÚLTIMA TRANSACCIÓN
campo de control 20230906161434.0
007 - CAMPO FIJO DE DESCRIPCIÓN FÍSICA--INFORMACIÓN GENERAL
campo de control de longitud fija t|
008 - DATOS DE LONGITUD FIJA--INFORMACIÓN GENERAL
campo de control de longitud fija 030331s1970 sp ||||1| spa d
080 ## - NÚMERO DE LA CLASIFICACIÓN DECIMAL UNIVERSAL
Número de la Clasificación Decimal Universal 711.8(24).061.3(100)
111 2# - ENTRADA PRINCIPAL--NOMBRE DE CONGRESO/REUNIÓN
Nombre de congreso/reunión o jurisdicción como elemento de entrada Congreso Internacional de Técnica y Urbanismo Subterráneos (
Fecha del congreso o de la firma del tratado 1969.
Sede del congreso/Lugar de la reunión Madrid)
9 (RLIN) 456
245 10 - MENCIÓN DEL TÍTULO
Título Ponencias y comunicaciones /
Mención de responsabilidad, etc. V Congreso Internacional de Técnica y Urbanismo Subterráneos, Madrid, 5-11 octubre 1969.
260 ## - PUBLICACIÓN, DISTRIBUCIÓN, ETC.
Lugar de publicación, distribución, etc. [Madrid :
Nombre del editor, distribuidor, etc. s.n.,
Fecha de publicación, distribución, etc. 1970] (
Fabricante Imp. El arte)
300 ## - DESCRIPCIÓN FÍSICA
Extensión 2 v. :
Otras características físicas 24 lám, 8 planos pleg., il. ;
Dimensiones 30 cm.
650 #4 - PUNTO DE ACCESO ADICIONAL DE MATERIA--TÉRMINO DE MATERIA
Término de materia o nombre geográfico como elemento de entrada Urbanismo subterráneo.
9 (RLIN) 174544
852 4# - LOCALIZACIÓN
Ubicación ES-MaACL
Número de control de estantería C-41454-55
Holdings
Estatus retirado Estado de pérdida Estado de daño No para préstamo Biblioteca de origen Biblioteca actual Ubicación en estantería Fecha de adquisición Fuente de adquisición Total de préstamos Signatura topográfica completa Código de barras Visto por última vez Precio de reemplazo Tipo de ítem Koha
        Biblioteca del Ateneo de Madrid Biblioteca del Ateneo de Madrid Depósito 2 17/01/2008     C-41454-55 1049156 23/02/2023 23/02/2023 Libro impreso